| 000 | 00714cam a2200217 a 4500 | ||
|---|---|---|---|
| 001 | 000008423 | ||
| 003 | DO-SdBNP | ||
| 005 | 20250401144748.0 | ||
| 008 | 781208s1969 ec 000 0 spa | ||
| 040 |
_aDO-SdBNP _bspa _cBNPHU |
||
| 082 |
_a398.209 _bS179e |
||
| 100 | 1 |
_aSaltos, Augusto Cesar. _922696 |
|
| 245 | 1 | 0 |
_aEn tierras de Bolivar : _btradiciones, estampas y leyendas / _cAugusto Cesar Saltos. |
| 260 |
_aQuito : _bCasa de la Cultura Ecuatoriana, _c1969. |
||
| 300 |
_a372 p. ; _c19 cm. |
||
| 650 | 0 |
_aFolclore _zBolivia _933448 |
|
| 650 | 4 |
_aLeyendas bolivarenses (ecuador) _922699 |
|
| 650 | 4 |
_aLeyendas ecuatorianas _922700 |
|
| 651 | 4 |
_aGuaranda (Ecuador{Rpara} _xAnecdotas _922698 |
|
| 942 |
_2ddc _cLBS1 |
||
| 999 |
_c8194 _d8194 |
||